Internationalism and nationalism in European political thought
Αποθηκεύτηκε σε:
| Κύριος συγγραφέας: | |
|---|---|
| Μορφή: | Βιβλίο |
| Γλώσσα: | English |
| Δημοσίευση: |
New York :
Palgrave Macmillan,
c 2003
|
| Θέματα: | |
| Ετικέτες: |
Προσθήκη ετικέτας
Δεν υπάρχουν, Καταχωρήστε ετικέτα πρώτοι!
|
MARC
| LEADER | 00000cam a2200000 i 4500 | ||
|---|---|---|---|
| 001 | 1/66703 | ||
| 008 | 041123u2003 eng d | ||
| 020 | |a 1-40396-123-9 | ||
| 035 | |l 10075445 | ||
| 040 | |a GR-MY-UA |b gre |e aacr | ||
| 041 | 0 | |a eng | |
| 082 | 0 | |a 320.54094 | |
| 100 | 1 | |a Holbraad, Carsten. | |
| 245 | 1 | 0 | |a Internationalism and nationalism in European political thought / |c Carsten Holbraad |
| 260 | |a New York : |b Palgrave Macmillan, |c c 2003 | ||
| 300 | |a 194 p. | ||
| 504 | |a Includes bibliographical references | ||
| 650 | 0 | 0 | |a Internationalism. |
| 650 | 0 | 0 | |a Nationalism. |
| 650 | 0 | 0 | |a International cooperation. |
| 650 | 0 | 0 | |a Political science |z Europe. |
| 852 | |a INST |b RHODES |e 20041123 |h 320.54094 HOL |p 005400018218 |q 005400018218 |t BK |y 0 | ||
| 901 | |a BIBL4-2004-3 | ||
| 909 | |a Ρ |b 110134 | ||
| 920 | |a ΕΡΓΑΣΤΗΡΙΟ ΜΕΣΟΓΕΙΑΚΗΣ ΠΟΛΙΤΙΚΗΣ |b ΕΠΕΑΕΚ-ΤΜΣ |y ΡΟΔΟΣ |z 2004-11 | ||
| 970 | |z 2004/11/23 | ||